00314nam a2200121Ia 450000500170000000800410001708200120005810000180007024500190008826000390010730000090014665000370015520240814115946.0240813s9999||||xx |||||||||||||| ||und|| a824 MIL aMiller, Henry 0aSelected prose aLondonbMacgibbon & Kee Ltd.c19 5 a458p aLiterature of European Languages